000 00489nam a2200157Ia 4500
005 20260121165311.0
008 260121s9999 xx 000 0 und d
041 _amar
082 _a398
100 _aनरवणे,विश्वनाथ
245 _aभारतीय व्यवहार कोश
250 _a3
260 _bभारतीय विचार साधना पुणे
_c2018
300 _a304
650 _aमराठी साहित्य
_9216405
999 _c369980
_d369980